Les plus hauts sommets des Pyrénées françaises - Statistiques

Statistiques générales
  • Ce quiz a été pris 108 fois
  • Le résultat moyen est 6 sur 21
Statistiques - réponses
Altitude
en mètres
Réponse % Correct
3032 Petit {Vignemale}
95%
3298 Pic de {Vignemale}
95%
3035 Turon de {Néouvielle}
64%
3144 Pic du {Balaïtous}
42%
3192 Pic {Long}
38%
3222 Pic {Perdiguère}
33%
3248 Pic du {Marboré}
32%
3143 Pique d'{Estats}
28%
3077 Pic du {Montcalm}
24%
3039 Pic des Trois {Conseillers}
21%
3133 Pic de la {Munia}
19%
3109 Pic de {Maupas}
17%
3095 Pic de la {Cascade} occidental
15%
3161 Pic de la {Cascade} oriental
15%
3060 Grand {Quayrat}
13%
3173 Pic de {Campbieil}
12%
3023 Pic de {Lustou}
10%
3065 Pic des {Spijeoles}
10%
3107 Pic {Lézat}
8%
3072 Pic du Port de {Sullo}
6%
3115 Punta {Gabarro}
3%
Aucun quiz correspondant
Distribution des résultats
% des personnes avec chaque résultat
Percentile par nombre de réponses
Votre historique - résultats
Vous n’avez pas pris ce quiz